Normal view
MARC view
Entry Nombre personal
001 - NÚMERO DE CONTROL
- campo de control: 152876
003 - IDENTIFICADOR DE NÚMERO DE CONTROL
- campo de control: OSt
005 - FECHA Y HORA DE LA ÚLTIMA TRANSACCIÓN
- campo de control: 20230222193116.0
008 - ELEMENTOS DE DATO DE LONGITUD-FIJA
- campo de control de longitud fija: 130613 b azzaaaaaa a aaa d
040 ## - FUENTE DE CATALOGACIÓN
- Centro catalogador/agencia de origen: OSt
- Centro/agencia transcriptor: OSt
100 1# - ENCABEZAMIENTO-NOMBRE DE PERSONA
- Nombre de persona: Miranda y Sandoval, Ricardo de,
- Títulos y otros términos asociados al nombre: Marqués de Premio Real
400 0# - TRAZADO DE VÉASE--NOMBRE DE PERSONA
- Nombre de persona: Premio Real, Ricardo de Miranda y Sandoval
- Títulos y otros términos asociados al nombre: Marqués de
